000 00466nam a2200169Ia 4500
999 _c28443
_d28443
003 OSt
005 20201229134640.0
008 190216s9999||||xx |||||||||||||| ||und||
040 _coclc
082 _a894.812301
_bURO/T
100 _aUroob
_96421
245 0 _aThamara Thoppi /
_cUroob
260 _bPoorna Publications,
_aKozhikode:
_c2004.
300 _a88p
650 _aKathakal
942 _cBK
_2ddc
_h894.812301
_iURO/T
_k894.812301
_mURO/T